Contaminación del aire: emisiones vehiculares, situación actual y alternativas (Registro nro. 2686)

Detalles MARC
000 -Cabecera
Campo de control de longitud fija 00575aam a2200217 4500
005 - Fecha y hora de la última transacción
Campo de control 20260114111423.0
008 - Elementos de longitud fija--Información general
Campo de control de longitud fija 150608b1998 xxu||||| |||| 00| 0 spa d
020 ## - International Standard Book Number
Número Internacional Estándar del Libro (ISBN) 9977649936
041 ## - Idioma
Código de idioma Español
082 ## - Clasificación Decimal Dewey
Número de clasificación 363.739.2 A385c
100 ## - Entrada principal--Autor personal
Nombre personal Alfaro, María del Rosario
9 (RLIN) 23598
245 ## - Título propiamente dicho
Título Contaminación del aire: emisiones vehiculares, situación actual y alternativas
260 ## - Pie de imprenta
Lugar de publicación, distribución, etc. Costa Rica
260 ## - Pie de imprenta
Nombre del editor, distribuidor, etc. EUNED
260 ## - Pie de imprenta
Fecha de publicación, distribución, etc. 1998
300 ## - Descripción física
Extensión 25 páginas
490 ## - Serie
Título de la Serie Turismo
650 ## - Materia general
Temática (materia general) CONTAMINACIÓN DEL AIRE
650 ## - Materia general
Temática (materia general) COSTA RICA
942 ## - Punto de acceso adicional KOHA
Tipo de ítem KOHA Libro
Fuente del sistema de clasificación o colocación Dewey Decimal Classification
Existencias
Signatura completa Código de barras Programa Académico Tipo de ítem
363.739.2 A385c 12473 Turismo Libro
363.739.2 A385c 15890 Turismo Libro